00338nam a2200121 a 4500008004100000020001500041050001500056100002600071245005900097260003600156300001500192350000900207120416s1969 ||||||||||||||||| || u a9072620011 aSB 951 Ale aAlebeek, F. A. N. Van10aIntegrated pest management: a catalogue of training... aEde, The NetherlandsbCTAc1969 axii, 305p. a0.00